| 000 | 00630nam a2200241Ia 4500 | ||
|---|---|---|---|
| 003 | OSt | ||
| 005 | 20220924120348.0 | ||
| 006 | a|||||r|||| 00| 0 | ||
| 007 | ta | ||
| 008 | 220923b |||||||| |||| 00| 0 urd d | ||
| 024 | _a309763 | ||
| 037 | _cTextual | ||
| 040 |
_aARTS _cARTS _burd |
||
| 041 |
_2urd _aurd |
||
| 082 | _aO168v.N2, F4 | ||
| 100 |
_aYehya Mohammad _9181783 |
||
| 245 | 0 | _aSeerul Musnefeem | |
| 260 |
_aDelhi _bMehboob Matabe India _c1924 |
||
| 300 |
_a224p. _ccm. |
||
| 650 | _aURDU LITERATURE | ||
| 942 |
_hO168v.N2, F4 _cTEXL _2CC |
||
| 999 |
_c402448 _d402448 |
||